Desempleo por apertura de la economía (Registro nro. 25499)

Detalles MARC
000 -LEADER
fixed length control field 00331 a2200109 4500
001 - CONTROL NUMBER
control field ART_11356
005 - DATE AND TIME OF LATEST TRANSACTION
control field 20260410161856.0
008 - FIXED-LENGTH DATA ELEMENTS--GENERAL INFORMATION
fixed length control field 260409a
100 1# - MAIN ENTRY--PERSONAL NAME
Personal name Diaz Cafferata, Alberto M.
245 10 - TITLE STATEMENT
Title Desempleo por apertura de la economía
773 0# - HOST ITEM ENTRY
Title Revista de Economía
Related parts - Nº 57 (oct./dic. 1989)
Record control number REV11077

No hay ítems disponibles.